| Поле | Инд. | ПП | Название | Значение |
|---|---|---|---|---|
| Тип записи | a | |||
| Библиографический уровень | m | |||
| 001 | Контрольный номер | 387c4088-07ce-4c15-86a6-5c64879bfafa | ||
| 005 | Дата корректировки | 20250822180126.2 | ||
| 008 | Кодируемые данные | 070220 | ||
| 020 | a | ISBN | 0-19-316329-2 | |
| c | Цена, тираж | 6557.44 | ||
| 040 | a | Служба первич. каталог. | НБ ТвГУ | |
| 041 | 0_ | a | Код языка текста | eng |
| 080 | a | Индекс УДК | 78.03 | |
| 084 | a | Индекс другой классификации/Индекс ББК | Щ313(0) | |
| a | Индекс другой классификации/Индекс ББК | Щ313(0)42 | ||
| 090 | x | Авторский знак | N52 | |
| a | Полочн. индекс | Щ313(0) | ||
| 245 | 04 | a | Заглавие | The new Oxford history of music |
| n | Номер части/ раздела | Vol. 2 | ||
| p | Название части/ раздела | The early middle ages to 1300 | ||
| c | Ответственность | ed. by Richard Crocker and David Hiley | ||
| 250 | a | Основные сведения об издании | 2nd ed. | |
| 260 | 0_ | a | Место издания | Oxford |
| a | Место издания | New York | ||
| b | Издательство | Oxford university press | ||
| c | Дата издания | 1990 | ||
| 300 | a | Объем | XX, 795 p. | |
| b | Иллюстрации/ тип воспроизводства | ill. | ||
| 500 | a | Примечание | НАСТОЯЩИЙ МАТЕРИАЛ (ИНФОРМАЦИЯ) ПРОИЗВЕДЕН, РАСПРОСТРАНЕН И (ИЛИ) НАПРАВЛЕН ИНОСТРАННЫМ АГЕНТОМ, ЯВЛЯЮЩИМСЯ УЧРЕДИТЕЛЕМ (ЧЛЕНОМ, УЧАСТНИКОМ, РУКОВОДИТЕЛЕМ ИЛИ ЛИЦОМ, ВХОДЯЩИМ В СОСТАВ ОРГАНА ЛИЦ УКАЗАНЫХ В ЧАСТИ 4 СТАТЬИ 9 ФЕДЕРАЛЬНОГО ЗАКОНА «О КОНТРОЛЕ ЗА ДЕЯТЕЛЬНОСТЬЮ ЛИЦ, НАХОДЯЩИХСЯ ПОД ИНОСТРАННЫМ ВЛИЯНИЕМ») ВКЛЮЧЕННОГО В РЕЕСТР ИНОСТРАННЫХ АГЕНТОВ | |
| 504 | a | Библиография | Bibliogr.: p. 721-775. - Ind.: p. 777-795. | |
| 583 | a | Действие | Получение впервые 31 20.02.2007 | |
| k | Исполнитель действия | Дар Оксфордско-Российского Фонда | ||
| 650 | 04 | a | Основная рубрика | Музыка |
| x | Основная подрубрика | История | ||
| y | Хронологическая подрубрика | Средние века | ||
| y | Хронологическая подрубрика | 4-14 вв. | ||
| 653 | 0_ | a | Ключевые слова | Музыка |
| a | Ключевые слова | История музыки | ||
| a | Ключевые слова | Средневековая музыка | ||
| a | Ключевые слова | Оксфордско-Российский фонд | ||
| 700 | 1_ | a | Другие авторы | Hiley David |
| e | Роль лиц | ed. | ||
| 700 | 1_ | a | Другие авторы | Crocker Richard |
| e | Роль лиц | ed. | ||
| 852 | 41 | t | Порядковый номер экземпляра | 1 |
| p | Инвентарный номер | 870351 | ||
| 888 | a | Бесплатные | ||
| 930 | a | Новая/Ретро | иностр | |
| a | Новая/Ретро | англ | ||
| 952 | p | 31.2007 6557.44 1 870351 | ||
| c | Вид литературы | К ин | ||
| 954 | a | Дата поступления на обработку | 20070302 | |
| 999 | a | Подразделение 2 | ч.з. |